000 01008cam a2200253 4500
001 ABS63527
008 000000n2001 000 0 eng u
035 _a(Sirsi) u111108
100 _aLangleben, A.
245 _aTwo wrongs: no rights
260 _c2001
490 _aProperty Week
_v66(7) 16 February 2001, 90(1)
520 _a"Manchester & District Housing Association v Fearnley Construction and Dunbar" illustrates that parties defending a claim for specific performance cannot plead a defence of non-fulfilment.
590 _aABS
650 _aMANCHESTER & DISTRICT HOUSING ASSOCIATION V FEARNLEY CONSTRUCTION AND DUNBAR
650 _aAIGHUSSEIN ESTABLISHMENT V ETON COLLEGE
650 _aCHEALL V THE ASSOCIATION OF PROFESSIONAL EXECUTIVE CLERICAL & COMPUTER STAFF
650 _aHERON GARAGE PROPERTIES LTD V MOSS
650 _aNON-FULFILMENT
650 _aSPECIFIC PERFORMANCE
650 _aBREACH OF CONTRACT
690 _aBUILT ENVIRONMENT-BUILDING CONTRACT FORMS
942 _n0
999 _c66197
_d66197